Dietary management of young children with acute diarrhea
Gorde:
| Egile nagusia: | |
|---|---|
| Formatua: | Liburua |
| Hizkuntza: | Undetermined |
| Argitaratua: |
Geneva
OMS
|
| Gaiak: | |
| Etiketak: |
Etiketa erantsi
Etiketarik gabe, Izan zaitez lehena erregistro honi etiketa jartzen!
|
| Thư viện lưu trữ: | Trung tâm Học liệu Trường Đại học Cần Thơ |
|---|
| LEADER | 00473nam a2200169Ia 4500 | ||
|---|---|---|---|
| 001 | CTU_6991 | ||
| 008 | 210402s9999 xx 000 0 und d | ||
| 082 | |a 616.3427 | ||
| 082 | |b W927d | ||
| 100 | |a WHO | ||
| 245 | 0 | |a Dietary management of young children with acute diarrhea | |
| 245 | 0 | |c WHO | |
| 260 | |a Geneva | ||
| 260 | |b OMS | ||
| 650 | |a diarrhea,pediatrics | ||
| 904 | |i Nguyễn Quang Điền, 960830 | ||
| 980 | |a Trung tâm Học liệu Trường Đại học Cần Thơ | ||